Statistics for All Splatoon Characters

Click here to take the quiz!

General Stats

  • This quiz has been taken 15 times
  • The average score is 34 of 48

Answer Stats

Answer% Correct
Acht
100%
Agent 3
100%
Agent 4
100%
Agent 8
100%
Big Man
100%
Callie
100%
DJ Octavio
100%
Frye
100%
Judd
100%
Marie
100%
Marina
100%
Mr. Grizz
100%
Pearl
100%
Sheldon
100%
Shiver
100%
Harmony
92%
Telephone
92%
Commander Tartar
85%
CQ Cumber
85%
Lil Judd
85%
Crusty Sean
77%
Murch
77%
Octarians
77%
ORCA
77%
CuttleFish
69%
New Agent 3
69%
Spyke
69%
Flow
62%
Fred Crumbs
62%
Jelletons
62%
Mr. Coco
62%
Pigeon
62%
Annie
54%
Captain 3
54%
Cohozuna
54%
Gnarly Eddy
54%
Horrorborros
54%
Jelfonzo
54%
Megalodontia
54%
Jel La Fleur
46%
Octolings
46%
Bisk
38%
Inklings
38%
Lil Buddy
38%
Sanitized Agent 3
38%
Shelly And Donny
38%
Cipher
23%
Salmoids
0%

Score Distribution

Percentile by Number Answered

Percent of People with Each Score

Your Score History

You have not taken this quiz